00452 2200169 4500001002100000008004100021035002000062245007200082100002000154250000600174260004200180300001200222084001400234082000800248650001400256990001200270INLIS000000000000599 ind  a0010-0424000575 aSoal & Pembahasan Olimpiade Fisika Nasional ( OSN )cDavit Sipayung aSipayung, Davit a1 aJakarta :bBina Prestasi Insanic2015 a298 hlm a530 DAV s a530 aNon Fiksi a0722401